LEADER 01416nam0 22003133i 450 001 BVE0272407 005 20231121125417.0 100 $a20041209d1960 ||||0itac50 ba 101 | $aita 102 $ait 181 1$6z01$ai $bxxxe 182 1$6z01$an 200 1 $a˜Il œPetrarca e i Colonna$fAntonio Cretoni 210 $aRoma$cStudi romani$d1960 215 $aP. 140-153$d24 cm 300 $aEstratto da: Studi romani, Anno 8., n. 2, marzo-aprile 1960. 606 $aPetrarca, Francesco$xRapporti [con i] Colonna $2FIR$3RMLC436892$9N 676 $a945.63204$9Storia di Roma. Periodo comunale, 1122-1348.$v22 700 1$aCretoni$b, Antonio$3RAVV065689$4070$0448644 801 3$aIT$bIT-01$c20041209 850 $aIT-RM0290 $aIT-RM0281 $aIT-FR0017 899 $aBIBLIOTECA ANGELICA$bRM0290 899 $aBIBLIOTECA VALLICELLIANA$bRM0281 899 $aBiblioteca umanistica Giorgio Aprea$bFR0017 $eN 912 $aBVE0272407 950 0$aBiblioteca umanistica Giorgio Aprea$d 52DFV E 47$e 52BUN0000115065 VMB RS Al mio Preside prof. Carlo Filosa offro questo lavoro nato soprattutto per le sue esortazioni ed i suoi saggi consigli. Con animo profondamente grato. Antonio Cretoni, 18 maggio 1960$fA $h20170512$i20170512 977 $a 06$a 08$a 52 996 $aPetrarca e i Colonna$93603823 997 $aUNICAS